00489nam a2200193Ia 4500003000400000005001700004008004100021020001800062040000700080041000800087082002000095100001400115245006700129260003800196300001800234365001300252440000600265650002400271OSt20230428102331.0210423s2011 xx 000 0 und d a9780070702196 cAL aeng a530.13 REIF223 aREIF (F). aStatistical physics: in SI units Berkeley physics course. V5. aNew DelhibTata McGraw-hillc2011 axxiii,398bPB b470cINR v5 aTheoretical Physics